| 000 | 00880nam a2200253Ia 4500 | ||
|---|---|---|---|
| 003 | OSt | ||
| 005 | 20220923225539.0 | ||
| 006 | a|||||r|||| 00| 0 | ||
| 007 | ta | ||
| 008 | 220922b |||||||| |||| 00| 0 mal d | ||
| 024 | _a270,898 | ||
| 037 | _cTextual | ||
| 040 |
_aARTS _cARTS _bmal |
||
| 041 |
_2mal _amal |
||
| 082 | _aO32,3N04,AE, 152L3 | ||
| 100 |
_aपी केशवदेव; नंपूतिरि, बी. ए. केशव, अनु. _9168698 |
||
| 245 | 0 | _aआईना | |
| 246 | _aĀīnā | ||
| 260 |
_aनयी दिल्ली _b नेशनल बुक _c1973 |
||
| 300 |
_a135पृ0 _ccm. |
||
| 650 |
_aमलयालम साहित्य _9156264 |
||
| 942 |
_hO32,3N04,AE, 152L3 _cTEXL _2CC |
||
| 999 |
_c378997 _d378997 |
||